Normal view
MARC view
- Rwakafuuzi, Ladislaus Kiiza,
Entry Personal Name
001 - CONTROL NUMBER
- control field: 9436
003 - CONTROL NUMBER IDENTIFIER
- control field: OSt
005 - DATE AND TIME OF LATEST TRANSACTION
- control field: 20210520155219.0
008 - FIXED-LENGTH DATA ELEMENTS
- fixed length control field: 210520|| aca||aabn | a|a d
040 ## - CATALOGING SOURCE
- Original cataloging agency: OSt
- Transcribing agency: OSt
100 ## - HEADING--PERSONAL NAME
- Personal name: Rwakafuuzi, Ladislaus Kiiza,
670 ## - SOURCE DATA FOUND
- Source citation: Work cat.: (OSt)0: Uganda. 9433, KALR's Family Practice Legislation of Uganda :, [2001].